[Event "European Team-ch 2007 Femenino"]
[Site "Creta GRE"]
[Date "2007.11.04"]
[Round "7.3"]
[White "Peng, Zhaoqin"]
[Black "Muzychuk, Anna"]
[Result "1-0"]
[WhiteElo "2419"]
[BlackElo "2469"]
[PlyCount "103"]
[EventDate "2007.10.28"]
[EventType "team"]
[EventRounds "9"]
[EventCountry "GRE"]
[Source "lmi"]
[SourceDate "2007.10.28"]
[WhiteTeam "Netherlands"]
[BlackTeam "Slovenija"]
[WhiteTeamCountry "NED"]
[BlackTeamCountry "SLO"]

1. d4 Nf6 2. Nf3 d6 3. c4 g6 4. Nc3 Bf5 5. Nh4 Bd7 6. e4 e5 7. Nf3 exd4 8. Nxd4
Bg7 9. Be2 O-O 10. O-O Re8 11. f3 Nc6 12. Be3 Nh5 13. Qd2 Nxd4 14. Bxd4 Nf4 15.
Rfd1 Bxd4+ 16. Qxd4 c5 17. Qf2 Bc6 18. Qg3 Qf6 19. Rd2 Re5 20. Qe1 g5 21. Rad1
Rd8 22. Bf1 Ree8 23. Qf2 h5 24. g3 Ng6 25. Bg2 h4 26. Qe3 hxg3 27. hxg3 Kg7 28.
Ne2 a6 29. Qc3 Qxc3 30. Nxc3 Ne5 31. b3 g4 32. f4 Nf3+ 33. Bxf3 gxf3 34. e5 Rh8
35. Rxd6 Rdg8 36. Nd5 Rh3 37. Kf2 Rh2+ 38. Kxf3 Rxa2 39. Ke4 a5 40. Kf5 a4 41.
Nf6 Rh8 42. Rd8 Rah2 43. Rxh8 Rxh8 44. bxa4 Bxa4 45. Rd5 Rc8 46. Rd2 Rh8 47. g4
Bb3 48. Rb2 Rh3 49. Kg5 Kf8 50. Nd7+ Kg7 51. Nxc5 Bxc4 52. Rxb7 1-0

[Event "European Team-ch 2007 Femenino"]
[Site "Creta GRE"]
[Date "2007.11.04"]
[Round "7.3"]
[White "Krivec, Jana"]
[Black "Bosboom-Lanchava, Tea"]
[Result "1-0"]
[WhiteElo "2315"]
[BlackElo "2379"]
[PlyCount "55"]
[EventDate "2007.10.28"]
[EventType "team"]
[EventRounds "9"]
[EventCountry "GRE"]
[Source "lmi"]
[SourceDate "2007.10.28"]
[WhiteTeam "Slovenija"]
[BlackTeam "Netherlands"]
[WhiteTeamCountry "SLO"]
[BlackTeamCountry "NED"]

1. e4 d6 2. d4 g6 3. Nc3 Bg7 4. Nge2 c6 5. g3 b5 6. a3 f5 7. Bg2 fxe4 8. Nxe4
Nf6 9. Nxf6+ exf6 10. d5 c5 11. Nf4 a6 12. Ne6 Bxe6 13. dxe6 Ra7 14. O-O Bf8
15. Bf4 Rc7 16. Re1 Be7 17. Bh6 Bf8 18. Qd2 Bxh6 19. Qxh6 Qe7 20. Rad1 g5 21.
Bf3 Rg8 22. Bh5+ Kd8 23. Rxd6+ Kc8 24. Red1 Rf8 25. Bf7 Rc6 26. Rxc6+ Nxc6 27.
Rd7 Rxf7 28. Rxe7 1-0

[Event "European Team-ch 2007 Femenino"]
[Site "Creta GRE"]
[Date "2007.11.04"]
[Round "7.3"]
[White "Rozic, Vesna"]
[Black "Bensdorp, Marlies"]
[Result "1/2-1/2"]
[WhiteElo "2277"]
[BlackElo "2263"]
[PlyCount "156"]
[EventDate "2007.10.28"]
[EventType "team"]
[EventRounds "9"]
[EventCountry "GRE"]
[Source "lmi"]
[SourceDate "2007.10.28"]
[WhiteTeam "Slovenija"]
[BlackTeam "Netherlands"]
[WhiteTeamCountry "SLO"]
[BlackTeamCountry "NED"]

1. d4 d5 2. Bf4 Nf6 3. e3 Bf5 4. c4 c6 5. Nc3 e6 6. Qb3 Qc8 7. Nf3 Nbd7 8. h3
h6 9. cxd5 exd5 10. Rc1 a6 11. Be2 Be7 12. O-O O-O 13. Ne5 Ra7 14. Rfe1 Qd8 15.
Bf3 Nxe5 16. Bxe5 Nd7 17. Bg3 Qb6 18. Qxb6 Nxb6 19. Be2 Raa8 20. Bc7 Nd7 21.
Na4 Rac8 22. Bf4 Rfe8 23. Kf1 a5 24. Red1 b5 25. Nc3 Nb6 26. Bd3 Bxd3+ 27. Rxd3
b4 28. Nb1 a4 29. b3 g5 30. Bg3 h5 31. Rd2 Bf8 32. Rdc2 Re6 33. Nd2 f6 34. Nf3
Kf7 35. h4 g4 36. Ne1 axb3 37. axb3 Nd7 38. Nd3 Ra8 39. Nf4 Ree8 40. Rxc6 Ra3
41. Rc7 Rd8 42. Nxd5 Rxb3 43. R1c6 Be7 44. Rb7 Rb2 45. Nxe7 Ra8 46. Rbc7 Kxe7
47. Bd6+ Kd8 48. Kg1 b3 49. Rb7 Rc2 50. d5 Ra1+ 51. Kh2 Rac1 52. Rxb3 Rxc6 53.
dxc6 Rxc6 54. Rd3 Ke8 55. Bf4 Rc5 56. Rd6 Ke7 57. Ra6 Kf7 58. Ra7 Ke6 59. Kg3
Rd5 60. f3 gxf3 61. gxf3 Rb5 62. Ra6+ Kf7 63. Rd6 Nf8 64. e4 Ng6 65. Rd7+ Ke6
66. Rg7 Rb1 67. Be3 Ne5 68. Bd4 Rd1 69. Bc5 f5 70. exf5+ Kxf5 71. Rg5+ Kf6 72.
f4 Rd3+ 73. Kf2 Rf3+ 74. Ke2 Rxf4 75. Rxh5 Re4+ 76. Kf1 Nd3 77. Kg1 Nxc5 78.
Rxc5 Rxh4 1/2-1/2

[Event "European Team-ch 2007 Femenino"]
[Site "Creta GRE"]
[Date "2007.11.04"]
[Round "7.4"]
[White "Raeva, Elitsa"]
[Black "Andriasian, Siranush"]
[Result "1/2-1/2"]
[WhiteElo "2242"]
[BlackElo "2234"]
[PlyCount "77"]
[EventDate "2007.10.28"]
[EventType "team"]
[EventRounds "9"]
[EventCountry "GRE"]
[Source "lmi"]
[SourceDate "2007.10.28"]
[WhiteTeam "Bulgaria"]
[BlackTeam "Armenia"]
[WhiteTeamCountry "BUL"]
[BlackTeamCountry "ARM"]

1. d4 Nf6 2. Nf3 e6 3. Bg5 d5 4. e3 Be7 5. Bd3 O-O 6. O-O h6 7. Bf4 b6 8. Nbd2
Nbd7 9. h3 Bb7 10. Rc1 c5 11. c3 Nh5 12. Bh2 f5 13. Ne5 Nxe5 14. dxe5 g6 15.
Be2 Ng7 16. Bf3 Qe8 17. c4 Rd8 18. Qb3 g5 19. Rfd1 Qf7 20. Qa4 g4 21. Qxa7 Ba8
22. Be2 gxh3 23. cxd5 Bxd5 24. Bf3 Qg6 25. Bg3 Bh4 26. Nf1 f4 27. exf4 Bxf3 28.
gxf3 Nf5 29. Kh2 Nxg3 30. fxg3 Rxd1 31. Rxd1 Bxg3+ 32. Nxg3 Qc2+ 33. Kxh3 Qxd1
34. Qe7 Qxf3 35. Qxe6+ Kh7 36. Qe7+ Kg8 37. Qe6+ Kh7 38. Qe7+ Kg8 39. Qe6+
1/2-1/2

[Event "European Team-ch 2007 Femenino"]
[Site "Creta GRE"]
[Date "2007.11.04"]
[Round "7.5"]
[White "Makropoulou, Marina"]
[Black "Madl, Ildiko"]
[Result "1/2-1/2"]
[WhiteElo "2243"]
[BlackElo "2381"]
[PlyCount "40"]
[EventDate "2007.10.28"]
[EventType "team"]
[EventRounds "9"]
[EventCountry "GRE"]
[Source "lmi"]
[SourceDate "2007.10.28"]
[WhiteTeam "Greece"]
[BlackTeam "Hungary"]
[WhiteTeamCountry "GRE"]
[BlackTeamCountry "HUN"]

1. e4 c5 2. Nf3 d6 3. d4 cxd4 4. Nxd4 Nf6 5. Nc3 Nc6 6. Bg5 Bd7 7. Qd2 Rc8 8.
Nxc6 Bxc6 9. f3 a6 10. O-O-O e6 11. Kb1 Be7 12. h4 b5 13. Ne2 Bb7 14. Nd4 h6
15. Be3 Nd7 16. Qf2 d5 17. exd5 Bxd5 18. Nf5 Bxa2+ 19. Kxa2 exf5 20. Kb1 Qc7
1/2-1/2

[Event "European Team-ch 2007 Femenino"]
[Site "Creta GRE"]
[Date "2007.11.04"]
[Round "7.5"]
[White "Gara, Ticia"]
[Black "Fakhiridou, Ekaterini"]
[Result "1/2-1/2"]
[WhiteElo "2324"]
[BlackElo "2270"]
[PlyCount "136"]
[EventDate "2007.10.28"]
[EventType "team"]
[EventRounds "9"]
[EventCountry "GRE"]
[Source "lmi"]
[SourceDate "2007.10.28"]
[WhiteTeam "Hungary"]
[BlackTeam "Greece"]
[WhiteTeamCountry "HUN"]
[BlackTeamCountry "GRE"]

1. e4 e5 2. Nf3 Nc6 3. Bb5 a6 4. Ba4 Nf6 5. O-O b5 6. Bb3 Bc5 7. d3 d6 8. c3
Bg4 9. h3 Bh5 10. Bg5 Rb8 11. g4 Bg6 12. Nh4 a5 13. a4 b4 14. Nd2 O-O 15. Kg2
Kh8 16. Qf3 h6 17. Bxf6 Qxf6 18. Qxf6 gxf6 19. Kf3 Ne7 20. Ke2 Kg7 21. Ng2 c6
22. Ne3 Rfd8 23. Bc2 d5 24. Rfc1 h5 25. Nb3 bxc3 26. bxc3 Bb6 27. Nd2 c5 28.
Rab1 c4 29. dxc4 dxe4 30. Nxe4 hxg4 31. hxg4 Bxe3 32. fxe3 f5 33. gxf5 Nxf5 34.
Rxb8 Rxb8 35. c5 Rb2 36. Kd2 Ne7 37. Nf2 Kf6 38. Nd3 Rb8 39. Rb1 Rh8 40. Rf1+
Kg7 41. c4 Nc6 42. Nf2 f5 43. Rh1 Rd8+ 44. Kc3 Nb4 45. Rd1 Rc8 46. Nd3 Nxc2 47.
Kxc2 Be8 48. Kc3 Kf6 49. Rb1 e4 50. Nf4 Rxc5 51. Kd4 Rc8 52. Rb6+ Kg5 53. Ra6
Bxa4 54. Rxa5 Be8 55. Nd5 Bf7 56. Ra1 Re8 57. Rg1+ Kh4 58. Rg7 Bxd5 59. cxd5 f4
60. d6 Rd8 61. exf4 Rxd6+ 62. Kxe4 Kh5 63. Ke5 Ra6 64. f5 Kh6 65. Rd7 Kg5 66.
Rg7+ Kh6 67. Rg2 Ra5+ 68. Kf6 Ra7 1/2-1/2

[Event "European Team-ch 2007 Femenino"]
[Site "Creta GRE"]
[Date "2007.11.04"]
[Round "7.6"]
[White "Kadimova, Ilaha"]
[Black "Collas, Silvia"]
[Result "1/2-1/2"]
[WhiteElo "2311"]
[BlackElo "2408"]
[PlyCount "35"]
[EventDate "2007.10.28"]
[EventType "team"]
[EventRounds "9"]
[EventCountry "GRE"]
[Source "lmi"]
[SourceDate "2007.10.28"]
[WhiteTeam "Azerbaijan"]
[BlackTeam "France"]
[WhiteTeamCountry "AZE"]
[BlackTeamCountry "FRA"]

1. d4 Nf6 2. c4 c5 3. d5 b5 4. cxb5 a6 5. bxa6 g6 6. Nc3 Bxa6 7. g3 Bg7 8. Bg2
d6 9. Nh3 O-O 10. O-O Nbd7 11. Qc2 Qa5 12. Bd2 Rfb8 13. Rab1 Ne5 14. b3 Qa3 15.
Bc1 Qa5 16. Bd2 Qa3 17. Bc1 Qa5 18. Bd2 1/2-1/2

[Event "European Team-ch 2007 Femenino"]
[Site "Creta GRE"]
[Date "2007.11.04"]
[Round "7.6"]
[White "Milliet, Sophie"]
[Black "Mamedjarova, Turkan"]
[Result "0-1"]
[WhiteElo "2395"]
[BlackElo "2250"]
[PlyCount "48"]
[EventDate "2007.10.28"]
[EventType "team"]
[EventRounds "9"]
[EventCountry "GRE"]
[Source "lmi"]
[SourceDate "2007.10.28"]
[WhiteTeam "France"]
[BlackTeam "Azerbaijan"]
[WhiteTeamCountry "FRA"]
[BlackTeamCountry "AZE"]

1. e4 e5 2. Nf3 Nf6 3. Nxe5 d6 4. Nf3 Nxe4 5. d4 d5 6. Bd3 Bd6 7. O-O O-O 8. c4
c6 9. Qc2 f5 10. cxd5 cxd5 11. Nc3 Be6 12. Qb3 Nc6 13. a3 Kh8 14. Ne2 Qc7 15.
g3 f4 16. Nxf4 Bxf4 17. Bxf4 Rxf4 18. gxf4 Qxf4 19. Be2 Bh3 20. Kh1 Qg4 21. Nh4
Qxh4 22. Qxb7 Rc8 23. Rac1 Qg5 24. Bf3 Nxf2+ 0-1

[Event "European Team-ch 2007 Femenino"]
[Site "Creta GRE"]
[Date "2007.11.04"]
[Round "7.6"]
[White "Umudova, Nargiz"]
[Black "Leconte, Maria"]
[Result "1/2-1/2"]
[WhiteElo "2188"]
[BlackElo "2364"]
[PlyCount "70"]
[EventDate "2007.10.28"]
[EventType "team"]
[EventRounds "9"]
[EventCountry "GRE"]
[Source "lmi"]
[SourceDate "2007.10.28"]
[WhiteTeam "Azerbaijan"]
[BlackTeam "France"]
[WhiteTeamCountry "AZE"]
[BlackTeamCountry "FRA"]

1. e4 e6 2. d4 d5 3. Nd2 Nf6 4. e5 Nfd7 5. Bd3 c5 6. c3 Nc6 7. Ne2 cxd4 8. cxd4
f6 9. exf6 Nxf6 10. Nf3 Bd6 11. O-O O-O 12. Bf4 Bxf4 13. Nxf4 Ne4 14. Qc1 Qf6
15. Ne2 e5 16. Bxe4 dxe4 17. Nxe5 Nxe5 18. dxe5 Qxe5 19. Qc3 Re8 20. Rac1 Bd7
21. Qxe5 Rxe5 22. Ng3 Bc6 23. Rfe1 Rd8 24. Rc2 Red5 25. h3 Rd2 26. Rxd2 Rxd2
27. Re2 Rxe2 28. Nxe2 Kf7 29. Nd4 Bd5 30. b3 Kf6 31. Kf1 Ke5 32. Nc2 a5 33. Ke2
b6 34. Ke3 a4 35. Nd4 g6 1/2-1/2

[Event "European Team-ch 2007 Femenino"]
[Site "Creta GRE"]
[Date "2007.11.04"]
[Round "7.7"]
[White "Bojkovic, Natasa"]
[Black "Paehtz, Elisabeth"]
[Result "0-1"]
[WhiteElo "2428"]
[BlackElo "2452"]
[PlyCount "102"]
[EventDate "2007.10.28"]
[EventType "team"]
[EventRounds "9"]
[EventCountry "GRE"]
[Source "lmi"]
[SourceDate "2007.10.28"]
[WhiteTeam "SRB"]
[BlackTeam "Germany"]
[BlackTeamCountry "GER"]

1. e4 e5 2. Nf3 Nc6 3. Bb5 a6 4. Ba4 Nf6 5. d3 b5 6. Bb3 Be7 7. a4 b4 8. a5 d6
9. Ba4 Bd7 10. c3 Qb8 11. Nbd2 O-O 12. Nc4 Qb7 13. Bg5 h6 14. Bh4 Rab8 15. O-O
Be6 16. Nfd2 Na7 17. f3 bxc3 18. bxc3 Nb5 19. Qc2 c6 20. Bf2 Nd7 21. Bb3 d5 22.
Nb6 Bc5 23. Bxc5 Nxc5 24. Rfe1 Nd7 25. Nxd7 Qxd7 26. Ba4 Rfd8 27. Bxb5 cxb5 28.
Nf1 Rbc8 29. Qb2 d4 30. c4 bxc4 31. dxc4 Bxc4 32. Nd2 Bb5 33. Rac1 Rxc1 34.
Rxc1 Rc8 35. Kf2 Rxc1 36. Qxc1 Qc6 37. Qxc6 Bxc6 38. Ke2 Bb5+ 39. Kd1 Kf8 40.
Kc2 Ke7 41. Kb3 Kd6 42. Kb4 g5 43. Nb3 Bf1 44. g3 Be2 45. Nd2 f6 46. h4 Kc6 47.
hxg5 hxg5 48. Nb3 Bxf3 49. Nd2 g4 50. Kc4 Be2+ 51. Kb4 Bd3 0-1

[Event "European Team-ch 2007 Femenino"]
[Site "Creta GRE"]
[Date "2007.11.04"]
[Round "7.7"]
[White "Kachiani-G, Ketino"]
[Black "Chelushkina, Irina"]
[Result "0-1"]
[WhiteElo "2404"]
[BlackElo "2351"]
[PlyCount "106"]
[EventDate "2007.10.28"]
[EventType "team"]
[EventRounds "9"]
[EventCountry "GRE"]
[Source "lmi"]
[SourceDate "2007.10.28"]
[WhiteTeam "Germany"]
[BlackTeam "SRB"]
[WhiteTeamCountry "GER"]

1. Nf3 Nf6 2. c4 e6 3. g3 Be7 4. Bg2 O-O 5. d4 d5 6. O-O c6 7. Bf4 Na6 8. Nc3
Ne4 9. Rc1 Nd6 10. c5 Ne4 11. Ne5 f6 12. Nd3 g5 13. Be3 Nxc3 14. bxc3 Nc7 15.
c4 Rf7 16. Qb3 Bf8 17. Bd2 Bg7 18. f4 h6 19. Ba5 Qd7 20. Bxc7 Qxc7 21. cxd5
exd5 22. f5 Bf8 23. e4 dxe4 24. Bxe4 Kg7 25. d5 cxd5 26. Bxd5 Re7 27. c6 Qb6+
28. Qxb6 axb6 29. c7 Rd7 30. Bc4 Rxc7 31. Bb5 Rxc1 32. Nxc1 Bc5+ 33. Kh1 Ra3
34. g4 h5 35. gxh5 Kh6 36. Kg2 Kxh5 37. h3 Kh4 38. Nd3 Rxa2+ 39. Kh1 Bd4 40.
Bc4 Rd2 41. Ne1 Kxh3 42. Nf3 Rc2 43. Bd3 Rc3 44. Be4 Be3 45. Ng1+ Bxg1 46. Kxg1
Kg3 47. Rb1 b5 48. Kf1 Bd7 49. Ke2 Bc6 50. Bd3 Kf4 51. Rb4+ Ke5 52. Ke3 Ra3 53.
Rd4 Bd5 0-1

[Event "European Team-ch 2007 Femenino"]
[Site "Creta GRE"]
[Date "2007.11.04"]
[Round "7.7"]
[White "Benderac, Ana"]
[Black "Ohme, Melanie"]
[Result "0-1"]
[WhiteElo "2328"]
[BlackElo "2274"]
[PlyCount "88"]
[EventDate "2007.10.28"]
[EventType "team"]
[EventRounds "9"]
[EventCountry "GRE"]
[Source "lmi"]
[SourceDate "2007.10.28"]
[WhiteTeam "SRB"]
[BlackTeam "Germany"]
[BlackTeamCountry "GER"]

1. d4 Nf6 2. c4 g6 3. Nc3 Bg7 4. e4 d6 5. f3 O-O 6. Be3 c5 7. dxc5 dxc5 8. Qxd8
Rxd8 9. Bxc5 Nc6 10. Nd5 Nd7 11. Ba3 a5 12. O-O-O e6 13. Ne7+ Nxe7 14. Bxe7 Re8
15. Bd6 b6 16. Ne2 Ba6 17. Bg3 Ne5 18. b3 Rec8 19. Kb1 a4 20. f4 Ng4 21. e5
axb3 22. axb3 g5 23. h3 gxf4 24. hxg4 fxg3 25. Nc1 Bxe5 26. Bd3 b5 27. Bxh7+
Kf8 28. Be4 Ra7 29. Rh5 Bg7 30. Rd6 Ke7 31. Rb6 Bd4 32. Rxa6 Rxa6 33. Rxb5 Rh8
34. Rh5 Rxh5 35. gxh5 f5 36. Bd3 Kf6 37. b4 e5 38. Ne2 Ra4 39. Nxg3 Rxb4+ 40.
Kc2 e4 41. Be2 Rb2+ 42. Kc1 Ke5 43. h6 Rb6 44. h7 Rh6 0-1

[Event "European Team-ch 2007 Femenino"]
[Site "Creta GRE"]
[Date "2007.11.04"]
[Round "7.8"]
[White "Peptan, Corina-Isabela"]
[Black "Klinova, Masha"]
[Result "1/2-1/2"]
[WhiteElo "2405"]
[BlackElo "2326"]
[PlyCount "134"]
[EventDate "2007.10.28"]
[EventType "team"]
[EventRounds "9"]
[EventCountry "GRE"]
[Source "lmi"]
[SourceDate "2007.10.28"]
[WhiteTeam "Romania"]
[BlackTeam "Israel"]
[WhiteTeamCountry "ROM"]
[BlackTeamCountry "ISR"]

1. e4 e5 2. Nf3 Nc6 3. Bb5 a6 4. Ba4 Nf6 5. O-O Be7 6. Re1 b5 7. Bb3 d6 8. c3
O-O 9. h3 Nb8 10. d3 Nbd7 11. Nbd2 Bb7 12. Nf1 Nc5 13. Bc2 Re8 14. Ng3 Bf8 15.
b4 Ncd7 16. d4 d5 17. Nxe5 Nxe5 18. dxe5 Nxe4 19. Nxe4 dxe4 20. Qxd8 Raxd8 21.
Bf4 f5 22. exf6 gxf6 23. Rad1 Bd6 24. Bb3+ Kg7 25. Bxd6 Rxd6 26. Rxd6 cxd6 27.
Rd1 Rd8 28. Kh2 Kg6 29. g4 d5 30. Re1 d4 31. cxd4 Rxd4 32. a3 f5 33. Kg3 fxg4
34. hxg4 Kg5 35. Rd1 Rxd1 36. Bxd1 Bc8 37. Bc2 Bb7 38. Bb3 h6 39. Ba2 Bc8 40.
Bd5 Bxg4 41. Bxe4 Bc8 42. f4+ Kf6 43. Kh4 Bf5 44. Bb7 Bd7 45. Bxa6 Kf5 46. Kg3
Ke4 47. Bb7+ Kd4 48. Bf3 Kc3 49. Bd1 Kd4 50. Be2 Ke3 51. Bf3 Kd4 52. Be2 Ke3
53. Bf3 Kd4 54. Bd1 Ke3 55. Bf3 Kd4 56. Kh4 Ke3 57. Kg3 Kd4 58. Bh5 Ke3 59. Bg6
Kd4 60. Bh5 Ke3 61. Bf7 Ke4 62. Ba2 Kd4 63. Bg8 Ke4 64. Bh7+ Kd4 65. Kh4 Kc3
66. f5 Bxf5 67. Bxf5 Kb3 1/2-1/2

[Event "European Team-ch 2007 Femenino"]
[Site "Creta GRE"]
[Date "2007.11.04"]
[Round "7.8"]
[White "Borsuk, Angela"]
[Black "Voicu, Carmen"]
[Result "1/2-1/2"]
[WhiteElo "2301"]
[BlackElo "2333"]
[PlyCount "74"]
[EventDate "2007.10.28"]
[EventType "team"]
[EventRounds "9"]
[EventCountry "GRE"]
[Source "lmi"]
[SourceDate "2007.10.28"]
[WhiteTeam "Israel"]
[BlackTeam "Romania"]
[WhiteTeamCountry "ISR"]
[BlackTeamCountry "ROM"]

1. d4 d5 2. c4 e6 3. Nc3 Be7 4. Nf3 Nf6 5. Bg5 h6 6. Bh4 O-O 7. e3 Ne4 8. Bxe7
Qxe7 9. Bd3 Nxc3 10. bxc3 dxc4 11. Bxc4 b6 12. e4 Bb7 13. Qe2 c5 14. O-O Rc8
15. Rfd1 Nd7 16. a4 Nf6 17. Bd3 cxd4 18. cxd4 Rc3 19. a5 Rac8 20. axb6 axb6 21.
h3 Qc7 22. Ne5 Ra8 23. Rab1 Raa3 24. Rb4 Rc1 25. Rc4 Rxc4 26. Nxc4 Rc3 27. Nd2
Nh5 28. Bb5 Nf4 29. Qf1 h5 30. Nb1 Rc2 31. g3 Bxe4 32. gxf4 Qxf4 33. Bd3 Qg5+
34. Kh2 Qf4+ 35. Kg1 Qg5+ 36. Kh2 Qf4+ 37. Kg1 Qg5+ 1/2-1/2

[Event "European Team-ch 2007 Femenino"]
[Site "Creta GRE"]
[Date "2007.11.04"]
[Round "7.8"]
[White "Motoc, Alina"]
[Black "Vasiliev, Olga"]
[Result "1/2-1/2"]
[WhiteElo "2300"]
[BlackElo "2214"]
[PlyCount "156"]
[EventDate "2007.10.28"]
[EventType "team"]
[EventRounds "9"]
[EventCountry "GRE"]
[Source "lmi"]
[SourceDate "2007.10.28"]
[WhiteTeam "Romania"]
[BlackTeam "Israel"]
[WhiteTeamCountry "ROM"]
[BlackTeamCountry "ISR"]

1. d4 d5 2. c4 e6 3. Nf3 Nf6 4. Nc3 c5 5. cxd5 Nxd5 6. e4 Nxc3 7. bxc3 cxd4 8.
cxd4 Bb4+ 9. Bd2 Bxd2+ 10. Qxd2 O-O 11. Bd3 Nc6 12. Bc2 b6 13. O-O Ba6 14. Rfe1
Rc8 15. Rad1 Na5 16. e5 Qe7 17. Bb1 h6 18. h4 Rfd8 19. h5 Qd7 20. g4 Bb7 21.
Qd3 Bxf3 22. Qxf3 Qd5 23. Qd3 Kf8 24. Re4 Nc6 25. Qe3 Ne7 26. Rf4 Rc4 27. Be4
Qd7 28. Bg6 Nd5 29. Qa3+ Kg8 30. Rxf7 Qa4 31. Qf3 Rc7 32. Rxc7 Nxc7 33. Qf7+
Kh8 34. Rc1 Qxd4 35. Qf3 Qxe5 36. Rd1 Nd5 37. Qf7 Qf6 38. Qxf6 gxf6 39. Bf7 Rd6
40. Bxe6 Rxe6 41. Rxd5 Re7 42. Kg2 Kg7 43. Kf3 Kf7 44. a3 Rc7 45. Kf4 Ke6 46.
Rd3 Rc4+ 47. Kg3 f5 48. f4 Rc1 49. gxf5+ Kxf5 50. Rd5+ Ke6 51. Re5+ Kf6 52. Kg4
Rg1+ 53. Kf3 Rf1+ 54. Ke4 Re1+ 55. Kd5 Rd1+ 56. Ke4 Re1+ 57. Kd5 Rd1+ 58. Ke4
Ra1 59. Rd5 Re1+ 60. Kf3 Ke6 61. Rd8 Rf1+ 62. Ke4 Re1+ 63. Kf3 Rh1 64. Ra8 Rxh5
65. Rxa7 Kf5 66. Rf7+ Kg6 67. Rb7 Rb5 68. Ke4 h5 69. f5+ Kf6 70. Rh7 Re5+ 71.
Kd4 Rxf5 72. Rh6+ Kg5 73. Rxb6 h4 74. Rb8 h3 75. Ke3 Ra5 76. Kf2 Rxa3 77. Kg1
Rd3 78. Kh2 Kf4 1/2-1/2

[Event "European Team-ch 2007 Femenino"]
[Site "Creta GRE"]
[Date "2007.11.04"]
[Round "7.8"]
[White "Atnilov, Bela"]
[Black "Paulet, Iozefina"]
[Result "0-1"]
[WhiteElo "2170"]
[BlackElo "2276"]
[PlyCount "116"]
[EventDate "2007.10.28"]
[EventType "team"]
[EventRounds "9"]
[EventCountry "GRE"]
[Source "lmi"]
[SourceDate "2007.10.28"]
[WhiteTeam "Israel"]
[BlackTeam "Romania"]
[WhiteTeamCountry "ISR"]
[BlackTeamCountry "ROM"]

1. e4 e6 2. d4 d5 3. Nd2 Nf6 4. e5 Nfd7 5. Bd3 c5 6. c3 b6 7. Ne2 Ba6 8. Bxa6
Nxa6 9. O-O b5 10. Nf3 Be7 11. b3 cxd4 12. Nexd4 Qb6 13. Be3 Qb7 14. a4 bxa4
15. Rxa4 O-O 16. Qe2 Nac5 17. Raa1 Nxb3 18. Qb2 Ndc5 19. Nxb3 Qxb3 20. Qxb3
Nxb3 21. Rxa7 Rxa7 22. Bxa7 Ra8 23. Bd4 Nc5 24. Nd2 Ra2 25. Rd1 Rc2 26. Kf1 f6
27. exf6 gxf6 28. Ke2 e5 29. Bxc5 Bxc5 30. Kd3 Ra2 31. f3 f5 32. Re1 e4+ 33.
fxe4 fxe4+ 34. Nxe4 dxe4+ 35. Rxe4 Rxg2 36. h3 Kf7 37. Rh4 Kg6 38. Ke4 h5 39.
Kf3 Rf2+ 40. Kg3 Rd2 41. Rc4 Be7 42. Rc6+ Bf6 43. h4 Rd3+ 44. Kg2 Kf5 45. Rc5+
Be5 46. c4 Rd2+ 47. Kf3 Rh2 48. Rc8 Rxh4 49. c5 Rc4 50. c6 Rc2 51. Rf8+ Bf6 52.
Rc8 h4 53. c7 h3 54. Rb8 Rxc7 55. Rb1 Rc3+ 56. Kf2 Bd4+ 57. Kf1 Ke4 58. Rd1 Kf3
0-1

[Event "European Team-ch 2007 Femenino"]
[Site "Creta GRE"]
[Date "2007.11.04"]
[Round "7.9"]
[White "Vojinovic, Jovana"]
[Black "Calzetta, Monica"]
[Result "0-1"]
[WhiteElo "2227"]
[BlackElo "2287"]
[PlyCount "96"]
[EventDate "2007.10.28"]
[EventType "team"]
[EventRounds "9"]
[EventCountry "GRE"]
[Source "lmi"]
[SourceDate "2007.10.28"]
[WhiteTeam "MNE"]
[BlackTeam "Espana"]
[BlackTeamCountry "ESP"]

1. d4 Nf6 2. Nf3 g6 3. c4 Bg7 4. Nc3 O-O 5. e4 d6 6. Be2 e5 7. Be3 Ng4 8. Bg5
f6 9. Bc1 exd4 10. Nxd4 f5 11. O-O fxe4 12. Bxg4 Bxg4 13. Qxg4 Bxd4 14. Qxe4
Nc6 15. Bh6 Rf5 16. Nd5 Qd7 17. Rae1 Qf7 18. Be3 Re8 19. Qc2 Bg7 20. f4 Qd7 21.
Qd2 b6 22. Bf2 Rff8 23. b3 a5 24. h3 Kh8 25. Kh2 Nb4 26. Bh4 Nxd5 27. cxd5 Rxe1
28. Rxe1 Re8 29. Rxe8+ Qxe8 30. Qc2 Qf7 31. Qc4 Bf6 32. Bf2 Kg7 33. Qe4 Kf8 34.
g4 Bd8 35. g5 Bxg5 36. Bg3 Bh6 37. Kg2 Qe7 38. Qxe7+ Kxe7 39. Kf3 Kd7 40. Bf2
c5 41. a4 b5 42. Be1 c4 43. bxc4 bxa4 44. Bc3 a3 45. Ke3 a4 46. c5 dxc5 47. Be5
a2 48. Kd3 Bxf4 0-1

[Event "European Team-ch 2007 Femenino"]
[Site "Creta GRE"]
[Date "2007.11.04"]
[Round "7.9"]
[White "Llaneza Vega, Patricia"]
[Black "Mijovic, Aleksandra"]
[Result "1-0"]
[WhiteElo "2272"]
[BlackElo "2198"]
[PlyCount "75"]
[EventDate "2007.10.28"]
[EventType "team"]
[EventRounds "9"]
[EventCountry "GRE"]
[Source "lmi"]
[SourceDate "2007.10.28"]
[WhiteTeam "Espana"]
[BlackTeam "MNE"]
[WhiteTeamCountry "ESP"]

1. e4 c5 2. Nf3 e6 3. d4 cxd4 4. Nxd4 Nf6 5. Nc3 d6 6. Be3 Nc6 7. Qd2 Be7 8. f3
O-O 9. g4 d5 10. g5 Nxd4 11. Qxd4 Nh5 12. O-O-O Bxg5 13. Kb1 g6 14. Rg1 e5 15.
Bxg5 exd4 16. Bxd8 dxc3 17. Be7 Re8 18. Bb4 Bd7 19. Rxd5 Rad8 20. Bxc3 Be6 21.
Rxd8 Rxd8 22. Be2 f6 23. Rd1 Rxd1+ 24. Bxd1 Kf7 25. Bd4 a6 26. Be3 g5 27. b3
Kg6 28. Kb2 Nf4 29. Kc3 Kh5 30. Kd4 Kh4 31. e5 f5 32. Bxf4 gxf4 33. Be2 Kh3 34.
Bc4 Bc8 35. e6 h5 36. Ke5 Kxh2 37. Kxf4 h4 38. Kxf5 1-0

[Event "European Team-ch 2007 Femenino"]
[Site "Creta GRE"]
[Date "2007.11.04"]
[Round "7.9"]
[White "Neric, Jelena"]
[Black "Trujillo Delgado, Dafnae"]
[Result "0-1"]
[WhiteElo "1861"]
[BlackElo "2243"]
[PlyCount "74"]
[EventDate "2007.10.28"]
[EventType "team"]
[EventRounds "9"]
[EventCountry "GRE"]
[Source "lmi"]
[SourceDate "2007.10.28"]
[WhiteTeam "MNE"]
[BlackTeam "Espana"]
[BlackTeamCountry "ESP"]

1. e4 c5 2. Nf3 d6 3. Bb5+ Nd7 4. d4 Ngf6 5. Nc3 a6 6. Bxd7+ Nxd7 7. O-O cxd4
8. Qxd4 e6 9. Bg5 Qc7 10. Rfe1 f6 11. Be3 Ne5 12. Nxe5 dxe5 13. Qb6 Qxb6 14.
Bxb6 Bd7 15. Be3 Bb4 16. Bd2 Be7 17. Nd1 Bc6 18. Bc3 Bc5 19. a3 Kf7 20. Kh1
Rhd8 21. f3 Rd7 22. Ne3 Rad8 23. Rad1 Ba4 24. b3 Bc6 25. a4 b5 26. axb5 axb5
27. h3 b4 28. Ba1 Bxe3 29. Rxd7+ Rxd7 30. Kh2 Bf4+ 31. Kg1 Bb5 32. c4 Bc6 33.
Rb1 f5 34. exf5 exf5 35. Re1 Bg3 36. Rb1 e4 37. fxe4 Bxe4 0-1

[Event "European Team-ch 2007 Femenino"]
[Site "Creta GRE"]
[Date "2007.11.04"]
[Round "7.10"]
[White "Cmilyte, Viktorija"]
[Black "Golubenko, Valentina"]
[Result "0-1"]
[WhiteElo "2464"]
[BlackElo "2264"]
[PlyCount "98"]
[EventDate "2007.10.28"]
[EventType "team"]
[EventRounds "9"]
[EventCountry "GRE"]
[Source "lmi"]
[SourceDate "2007.10.28"]
[WhiteTeam "Lithuania"]
[BlackTeam "Croatia"]
[WhiteTeamCountry "LTU"]
[BlackTeamCountry "CRO"]

1. d4 Nf6 2. c4 g6 3. g3 Bg7 4. Bg2 O-O 5. Nf3 c5 6. d5 b5 7. cxb5 a6 8. bxa6
d6 9. Nc3 Bxa6 10. Rb1 Nbd7 11. O-O Qa5 12. Bd2 Rfb8 13. a4 Qc7 14. b3 Nb6 15.
Nh4 Ra7 16. Qc2 Rab7 17. Rfe1 Nfd7 18. f4 Nc8 19. e3 Ndb6 20. Rec1 Qd7 21. a5
Na8 22. Nf3 Nc7 23. e4 Na7 24. e5 Qf5 25. Ne4 Nab5 26. Nh4 Qd7 27. Ng5 Na3 28.
Qc3 Nxb1 29. Rxb1 dxe5 30. fxe5 Nxd5 31. Qxc5 e6 32. Nhf3 Rxb3 33. Rxb3 Rxb3
34. h4 Qc7 35. Qd4 h6 36. Ne4 Qd8 37. Qc5 Qb8 38. Qc6 Bb5 39. Qc1 Qa7+ 40. Kh2
Qc7 41. Bxh6 Qxc1 42. Bxc1 Ne3 43. Bh3 Nc4 44. Nfg5 Bxe5 45. Bf1 Rb1 46. Bxc4
Bxc4 47. Be3 Bd5 48. Nf2 Ra1 49. Bb6 Ra3 0-1